Tiempo de subjetividad
Salvato in:
| Autore principale: | |
|---|---|
| Natura: | Libro |
| Lingua: | spagnolo |
| Pubblicazione: |
Barcelona
Paidós
1996
|
| Serie: | Paidós Básica
|
| Soggetti: | |
| Tags: |
Aggiungi Tag
Nessun Tag, puoi essere il primo ad aggiungerne!!
|
MARC
| LEADER | 00000nam a2200000 a 4500 | ||
|---|---|---|---|
| 001 | UCT2678 | ||
| 003 | CL-VaPUC | ||
| 008 | 961011e19960000SP |||||||||||||||||spa|d | ||
| 082 | 0 | 4 | |a 141 |b CRU |2 21 |
| 100 | 0 | |a Cruz, Manuel |e author |9 371632 | |
| 245 | 1 | 0 | |a Tiempo de subjetividad |
| 300 | |a 238 p | ||
| 942 | |c BK | ||
| 945 | |d 19961011 00:00:00 |a nastorga | ||
| 260 | |a Barcelona |b Paidós |c 1996 | ||
| 650 | 0 | |a Filosofía |9 223554 | |
| 650 | 0 | |a Subjetividad |9 319638 | |
| 650 | 7 | |a INDIVIDUO |2 CL-VaPUC |9 334576 | |
| 650 | 0 | |a Sociedad |9 307903 | |
| 650 | 7 | |a PERSONA |2 CL-VaPUC |9 327934 | |
| 650 | 0 | |a Cultura |9 269059 | |
| 650 | 0 | |a Identidad |9 336178 | |
| 650 | 0 | |a Pensamiento |9 307612 | |
| 583 | |a last modification |c 19961011 00:00:00 |k Rodrigo Vera | ||
| 490 | 0 | |a Paidós Básica | |
| 999 | |c 252662 |d 252660 | ||
| 952 | |0 0 |1 0 |4 0 |6 141_000000000000000_CRU_1996 |7 0 |8 A |9 272639 |a BIBGIM |b BIBGIM |d 2019-11-19 |i 3237605 |o 141 CRU 1996 |p 3237605 |r 2025-01-15 |w 2019-11-19 |y BK |k SSL | ||